<?xml version="1.0" encoding="UTF-8"?>
<marc:record xmlns:marc="http://www.loc.gov/MARC21/slim">
   <marc:leader>00000nam a2200000 a 4500</marc:leader>
   <marc:datafield ind1="1" ind2=" " tag="100">
      <marc:subfield code="a">Jaud, Tommy</marc:subfield>
      <marc:subfield code="4">aut</marc:subfield>
      <marc:subfield code="e">Verfasser/-in</marc:subfield>
   </marc:datafield>
   <marc:datafield ind1="1" ind2=" " tag="100">
      <marc:subfield code="a">Jaud, Tommy</marc:subfield>
   </marc:datafield>
   <marc:datafield ind1=" " ind2=" " tag="653">
      <marc:subfield code="a">MP3-Hörbuch</marc:subfield>
   </marc:datafield>
   <marc:datafield ind1="0" ind2="0" tag="245">
      <marc:subfield code="a">Der Löwe büllt</marc:subfield>
   </marc:datafield>
   <marc:datafield ind1="0" ind2="0" tag="245">
      <marc:subfield code="c">Tommy Jaud. Tommy Jaud</marc:subfield>
   </marc:datafield>
   <marc:datafield ind1=" " ind2="1" tag="264">
      <marc:subfield code="a">Berlin</marc:subfield>
      <marc:subfield code="b">argon daisy edition</marc:subfield>
      <marc:subfield code="c">2019</marc:subfield>
   </marc:datafield>
   <marc:datafield ind1="1" ind2=" " tag="520">
      <marc:subfield code="a">Es läuft nicht gut für Nico Schnös, 47, den überforderten Controller mit der kaputten Brille. Warum gibt ihm seine Mutter seit dem Tod des Vaters täglich durch, was sie kocht und wie sie putzt? Was genau treibt Nicos Frau in dieser seltsamen Kuschelsekte, und warum flüchtet im Großraumbüro sogar der Saugroboter vor ihm? Als er bei einem Wutanfall eine Kaffeetasse auf den Finanzvorstand wirft, schickt sein Chef ihn in den Zwangsurlaub: Entweder Nico kommt entspannt zurück, oder er ist seinen Job los. Der kanarische Ferienclub ist paradiesisch schön, doch sämtliche Entspnnungsversuche gehen nach hinten los. Vielleicht hätte Nico nicht ausgerechnet seine hyperaktive Mutter mitnehmen sollen...&lt;br/&gt;Gelesen von Tommy Jaud.&lt;br/&gt;Ca. 420 Min.</marc:subfield>
   </marc:datafield>
   <marc:datafield ind1=" " ind2=" " tag="041">
      <marc:subfield code="a">ger</marc:subfield>
   </marc:datafield>
   <marc:datafield ind1="1" ind2=" " tag="521">
      <marc:subfield code="a">0</marc:subfield>
   </marc:datafield>
   <marc:datafield ind1=" " ind2=" " tag="338">
      <marc:subfield code="a">Online-Ressource</marc:subfield>
   </marc:datafield>
   <marc:datafield ind1=" " ind2=" " tag="300">
      <marc:subfield code="a">1</marc:subfield>
   </marc:datafield>
</marc:record>
